| 000 | 01301nam a22003497a 4500 | ||
|---|---|---|---|
| 999 |
_c17657 _d17657 |
||
| 001 | 4013254 | ||
| 003 | ASL | ||
| 005 | 20231015025622.0 | ||
| 007 | hduafb---bacp | ||
| 007 | hdubfb---baap | ||
| 008 | 170705s1934 xxk ab 001 0 eng | | ||
| 010 | _a 96907310 | ||
| 025 | _aNBIL-07319 | ||
| 040 |
_aDLC _cASL _dASL |
||
| 042 | _alcode | ||
| 043 | _aa-ii--- | ||
| 050 | 0 | 0 | _aMicrofilm BUL-ENG-064 (B) |
| 082 |
_a204.40959 _bMAL |
||
| 100 | 1 |
_aMacnicol, Nicol, _d1870-1952. _9518 |
|
| 245 | 1 | 4 |
_aThe Living Religions of the Indian People/ _cby Nicol Macnicol. |
| 260 |
_aLondon : _bStudent Christian Movement Press, _c1934. |
||
| 300 |
_a323, [1] p. ; _c22 cm. |
||
| 500 | _a"Wilde lectures, Oxford, 1932-34." | ||
| 500 | _aMaster microform held by: ICRL. | ||
| 504 | _aIncludes bibliographical references and index. | ||
| 533 |
_aMicrofilm. _bNew Delhi : _cLibrary of Congress Office ; _bChicago : _cAvailable from Center for Research Libraries, _d1995. _eOn 1 microfilm reel with other items ; 35 mm. _f(SAMP early 20th-century Indian books project ; item 07319). |
||
| 651 | 0 |
_aIndia _xReligion. _9519 |
|
| 830 | 0 |
_aSAMP early 20th-century Indian books project ; _vitem 07319. _9520 |
|
| 906 |
_a7 _bcbc _corigode _d5 _encip _f19 _gy-genmicro |
||
| 942 |
_2ddc _cBK |
||